000 00793nam a2200217Ii 4500
003 JO-AjNU
008 230605s9999||||xx |||||||||||||| ||und||
017 _a2013/4/1245
040 _aJO-AjNU
_bara
_erda
_cJO-AjNU
041 _aara
050 1 4 _aG155.J6.B39 2014
100 3 _aإعداد بظاظو، إبراهيم خليل، إعداد أنس خليل الجرابعة,
_eauthor
_951035
245 0 0 _aالتنمية السياحية المستدامة في محافظة عجلون
250 _aط1
264 3 1 _aعمان: د.ن، 2014
300 _a240ص
_bخرائط وصور توضيحية
336 _atext
_btxt
_2rdacontent
337 _aunmediated
_bn
_2rdamedia
338 _avolume
_bnc
_2rdacarrier
650 4 _aصناعة السياحة - عجلون - الاردن
_951036
999 _aA22518
_c26086
_d26086